00000000nam##2200000za#4500
0019.603749
003CaOODSP
00520210624211227
007cr |||||||||||
008150406|2004||||xxc|||||o    f|0| 0 fre|d
040 |aCaOODSP|bfre
043 |an-cn---
0861 |aT41-1/18F-PDF
1101 |aCanada. |bTransports Canada.
24510|aAméliorer les renseignements aux voyageurs avec Navigo et TeleBus |h[ressource électronique]
260 |aOttawa - Ontario : |bTransports Canada |cJuillet 2004.
300 |a5p.|bfigure, graphique, tableau, photographies
4901 |aÉtudes de cas sur les transports durables |vÉtude de cas nº 18
500 |aEn tête du titre : Programme de déonstration en transport urbain. «Winnipeg, Manitoba».
590 |a12-20-Supp|b2012-05-09
77508|tNavigo and TeleBus : |w(CaOODSP)9.573649
830#0|aÉtudes de cas sur les transports durables ;|vÉtude de cas nº 18|w(CaOODSP)9.503247
85640|ahttp://publications.gc.ca|qPDF|s319 Ko|uhttps://publications.gc.ca/collections/collection_2012/tc/T41-1-18-fra.pdf|yÉtude de cas nº 18
986 |aTP14263F